Normal view
MARC view
Entry Personal Name
001 - CONTROL NUMBER
- control field: 737828
003 - CONTROL NUMBER IDENTIFIER
- control field: OSt
005 - DATE AND TIME OF LATEST TRANSACTION
- control field: 20250317121702.0
008 - FIXED-LENGTH DATA ELEMENTS
- fixed length control field: 250317|| aca||aabn | a|a d
040 ## - CATALOGING SOURCE
- Original cataloging agency: OSt
- Transcribing agency: OSt
100 ## - HEADING--PERSONAL NAME
- Personal name: Zeyher L R
670 ## - SOURCE DATA FOUND
- Source citation: Work cat.: (OSt)1244029: Zeyher L R, Cost reduction in the plant, 1965
